| 000 | 00784nam a2200217Ii 4500 | ||
|---|---|---|---|
| 003 | JO-AjNU | ||
| 008 | 230605s9999||||xx |||||||||||||| ||und|| | ||
| 017 | _a2015/8/4057 | ||
| 040 |
_aJO-AjNU _bara _erda _cJO-AjNU |
||
| 041 | _aara | ||
| 050 | 1 | 4 | _aDS154.5.H3748 2015 |
| 100 | 3 |
_aتاليف الحطاب، سلطان, _eauthor _959623 |
|
| 245 | 0 | 0 | _aالاردن ذلك المعلوم |
| 250 | _aالطبعة الاولى | ||
| 264 | 3 | 1 | _aعمان: دار العروبة للنشر والتوزيع، 2015 |
| 300 |
_a332ص _bيحتوي على صور/تم طباعتة بدعم من بنك الاردن |
||
| 336 |
_atext _btxt _2rdacontent |
||
| 337 |
_aunmediated _bn _2rdamedia |
||
| 338 |
_avolume _bnc _2rdacarrier |
||
| 650 | 4 |
_aتاريخ الاردن-الاردن _959624 |
|
| 999 |
_aA26840 _c30408 _d30408 |
||